000 00647nam a2200193Ii 4500
003 JO-AjNU
008 230605s9999||||xx |||||||||||||| ||und||
040 _aJO-AjNU
_bara
_erda
_cJO-AjNU
041 _aara
050 1 4 _aPJ7696.A8.A17 1983
100 3 _aتأليف الأعشى,
_eauthor
_934487
245 0 0 _aديوان الأعشى
264 3 1 _aبيروت:دار بيروت للطباعة والنشر،1983
300 _a222ص
336 _atext
_btxt
_2rdacontent
337 _aunmediated
_bn
_2rdamedia
338 _avolume
_bnc
_2rdacarrier
650 4 _aالشعر العربي - تاريخ ونقد - العصر الجاهلي 
_934488
999 _aA14146
_c17714
_d17714